| 000 | 00974nam2a22002771 4500 | ||
|---|---|---|---|
| 001 | RU\NLR\Per\687714 | ||
| 005 | 20250617182347.0 | ||
| 035 | _a(NLR Aleph) 002935717 | ||
| 090 |
_a3753445 _c3753445 |
||
| 100 | _a20100610d2010 |||y0rusy50 ca | ||
| 101 | 0 | _arus | |
| 102 | _aRU | ||
| 105 | _ay ||||000|y | ||
| 200 | 1 | _aАбитуриент 2010 | |
| 210 |
_d2010 _aБ. м. |
||
| 461 | 0 |
_1001RU\NLR\INFOCOMM20\5000110779 _12001#$aСадовод и огородник$v2010, № 4 _94130618 _cМ. _d2003- _nБ. и. _tСадовод и огородник _v2010, № 4 |
|
| 606 | 1 |
_aВысшие учебные заведения _jДокументы и материалы _xПрием абитуриентов _92303472 _3RU\NLR\AUTH\661378948 |
|
| 686 | 1 | _aЧ481.442.2б | |
| 801 | 1 |
_aRU _bInfoComm _c20050823 |
|
| 801 | 0 |
_aRU _bNLR _gPSBO |
|
| 801 | 2 |
_aRU _bNLR _c20080122 _2rusmarc |
|
| 852 |
_aNLR _jП13/1936 |
||
| 942 | _cISSUE | ||
| 980 | _aNB | ||
| 980 | _aRUSPER | ||